| 000 | 00336nam a2200121Ia 4500 | ||
|---|---|---|---|
| 008 | 220217s9999||||xx |||||||||||||| ||und|| | ||
| 082 | _a005.133 TRO | ||
| 100 |
_aTroelsen, Andrew _92366 |
||
| 245 | 0 | _aVisual basic .net and the ,net platform0 | |
| 260 |
_aApress _bNew York _c2002 |
||
| 300 | _b499 | ||
| 650 | _aPROGRAMMING LANGUAGE | ||
| 999 |
_c169533 _d169533 |
||